000 01241nam a22003497a 4500
001 614144
003 OSt
005 20210420080239.0
008 920131s1992 nyua 000 1 eng
010 _a 92007598
020 _a0517064995
040 _aeng
_cDLC
_deng
_beng
041 _aeng
050 0 0 _aPS3515.U585
_bA6 1992
080 _a821.111
_bM-44
082 0 0 _a813/.54
_220
100 1 _aMcBain, Ed,
_d1926-2005.
245 1 0 _aThree complete 87th Precinct novels /
_cEd McBain.
260 _aNew York :
_bWing Books ;
_aAvenel, N.J. :
_bDistributed by Outlet Book Co.,
_c1992.
300 _a528 p. :
_bill. ;
_c24 cm.
365 _b11.99 usd
505 0 _aTricks -- Ice -- 8 black horses.
650 0 _aDetective and mystery stories, American.
650 0 _a87th Precinct (Imaginary place)
_xFiction.
650 0 _aPolice
_zUnited States
_xFiction.
650 0 _aEnglish literature
_9247
653 _aინგლისური ლიტერატურა
740 0 _aThree complete novels.
906 _a7
_bcbc
_corignew
_d1
_eocip
_f19
_gy-gencatlg
942 _2udc
_cBK
999 _c563
_d563